UM Logo
Normal view MARC view
  • Organisms, genetically modified.

Entry Topical Term

Number of records used in: 1

001 - CONTROL NUMBER

  • control field: 17956

003 - CONTROL NUMBER IDENTIFIER

  • control field: OSt

005 - DATE AND TIME OF LATEST TRANSACTION

  • control field: 20161202114646.0

008 - FIXED-LENGTH DATA ELEMENTS

  • fixed length control field: 161202|| aca||babn | a|a d

040 ## - CATALOGING SOURCE

  • Original cataloging agency: OSt

150 ## - HEADING--TOPICAL TERM

  • Topical term or geographic name entry element: Organisms, genetically modified.